| 000 | 00705nam a2200229 a 4500 | ||
|---|---|---|---|
| 999 |
_c3152 _d3152 |
||
| 001 | 3152 | ||
| 003 | BD-JhCC | ||
| 005 | 20180305130748.0 | ||
| 008 | 171111s xxu |||| |||| 000 0 ben d | ||
| 035 | _a(BD-JhCC) 3152 | ||
| 040 |
_aBD-JhCC _dBD-JhCC |
||
| 041 | _aben | ||
| 082 |
_a891.4415 _bFER 1979 |
||
| 100 | _aফেরদৌসি | ||
| 245 |
_aশাহনামা / _cফেরদৌসি; মনিরউদ্দিন ইউসুফ (অনুদিত) |
||
| 260 |
_aঢাকা : _bবাংলা একাডেমী, _c1979 |
||
| 300 |
_a৬৫৯ পৃ. : _c২১ সেমি. |
||
| 650 | _aBengali prose | ||
| 650 | _aBengali Poetry | ||
| 942 |
_2ddc _cBK |
||